000 00969cam a22002651i 4500
003 SA-RiAUC
005 20250620161603.0
008 250525s1985 sy a g 000 0 ara c
040 _aJO-MaAABU
_bara
_cSA-RiAUC
_erda
043 _ama-----
082 0 4 _a953.000223
_qSA-RiAUC
090 _a953.000223
_b ا ب و خ
100 1 _aأبو خليل، شوقي،
_d1941-2010
_eمؤلف.
245 1 0 _aأطلس التاريخ العربي /
_cشوقي أبو خليل.
250 _aالطبعة الثالثة.
264 1 _aدمشق :
_bدار الفكر للطباعة والنشر،
_c1985
300 _a112 صفحة :
_bإيضاحيات
336 _aنص
_btxt
_2rdacontent
_3كتاب
337 _aبدون وسيط
_bn
_2rdamedia
338 _aمجلد
_bnc
_2rdacarrier
651 7 _aالبلاد العربية
_xتاريخ
_vخرائط
_2aucsh
942 _2ddc
_cBOOK
_n0
949 _aSA-JeALM
_d250525
_uosman123
_n1
999 _c9116
_d9116